Ingredienti sulla pizza - Statistics

Statistiche generali
  • Questo quiz è stato fatto 254 volte
    63 dall'ultimo reset
  • Il punteggio medio è 35 su 80
Statistiche sulle risposte
Risposta % Corretto
Mozzarella
96%
Salsa
96%
Pomodorini
92%
Prosciutto crudo
84%
Salame
84%
Prosciutto cotto
82%
Gorgonzola
80%
Tonno
78%
Cipolla
76%
Funghi
76%
Origano
76%
Melanzane
75%
Olio
75%
Olive
75%
Wurstel
75%
Zucchine
75%
Ananas
73%
Peperoni
73%
Salsiccia
71%
Patate
69%
Acciughe
67%
Basilico
67%
Scaglie di grana
67%
Patatine
65%
Rucola
65%
Carciofi
63%
Parmigiano reggiano
59%
Speck
59%
Uova
57%
Bresaola
53%
Nutella
53%
Pancetta
51%
Capperi
49%
Burrata
47%
Salame piccante
45%
Cozze
43%
Pecorino
43%
Zucca
43%
Panna
41%
Pesto di pistacchio
41%
Salmone
41%
Pistacchio
39%
Ricotta salata
39%
Alici
37%
Friarielli
37%
Gamberi
37%
Noci
37%
Provola
35%
Vongole
35%
Lattuga
33%
Mozzarella di bufala
33%
Nduja
33%
Spinaci
31%
Prezzemolo
29%
Zucchero a velo
27%
Gamberetti
25%
Mais
25%
Pere
25%
Tartufo
25%
Calamari
24%
Guanciale
24%
Bacon
22%
Stracciatella di burrata
22%
Miele
18%
Stracchino
18%
Caciocavallo
14%
Cioccolato
14%
Kebab
14%
Porchetta
14%
Sardine
14%
Mandorle
12%
Fichi
10%
Emmenthal
6%
Pinoli
6%
Caviale
4%
Pesce spada
4%
Mollica tostata
2%
Oro
2%
Cocktail di gamberi
0%
Leerdammer
0%
Nessun quiz corrispondente trovato
Distribuzione punteggi
Percentuale di utenti per punteggio
Percentile per numero di risposta
I tuoi punteggi nel tempo
Non hai fatto questo quiz dall'ultimo reset